[Event "Helsingor Xtracon op"]
[Site "Helsingor"]
[Date "2018.07.29"]
[Round "10"]
[White "Fjallheim, Elmar Reinert"]
[Black "Stromhaug, Kristoffer Wang"]
[Result "0-1"]
[WhiteElo "1635"]
[BlackElo "1502"]
[PlyCount "42"]
[EventDate "2018.07.21"]
[EventType "swiss"]
[EventRounds "10"]
[EventCountry "DEN"]
[SourceTitle "CBM 185 Extra"]
[Source "ChessBase"]
[SourceDate "2018.07.29"]
[SourceVersion "1"]
[SourceVersionDate "2018.07.29"]
[SourceQuality "1"]

1. e4 d5 2. exd5 Qxd5 3. Nc3 Qa5 4. d4 Nf6 5. Nf3 c6 6. Bc4 Bf5 7. Ne5 e6 8. g4 Be4 9. 0-0 h6 10. Bd2 Qc7 11. Nxe4 Nxe4 12. Bf4 Bd6 13. Qe2 Ng5 14. h4 Nh3+ 15. Kh1 Nxf4 16. Qe4 Bxe5 17. dxe5 Nd5 18. Rad1 Nd7 19. f4 Qd8 20. g5 hxg5 21. fxg5 Qxg5 0-1

[Event "Helsingor Xtracon op"]
[Site "Helsingor"]
[Date "2018.07.25"]
[Round "6"]
[White "Schouten, Ken Ronny"]
[Black "Fjallheim, Elmar Reinert"]
[Result "0-1"]
[WhiteElo "1309"]
[BlackElo "1635"]
[PlyCount "82"]
[EventDate "2018.07.21"]
[EventType "swiss"]
[EventRounds "10"]
[EventCountry "DEN"]
[SourceTitle "CBM 185 Extra"]
[Source "ChessBase"]
[SourceDate "2018.07.29"]
[SourceVersion "1"]
[SourceVersionDate "2018.07.29"]
[SourceQuality "1"]

1. d4 Nf6 2. Bf4 d6 3. e3 e6 4. Bd3 Nbd7 5. Nf3 Nh5 6. Bg3 Nxg3 7. hxg3 h6 8. c4 b6 9. Be4 Rb8 10. Qa4 Be7 11. Nc3 a6 12. Bc6 0-0 13. Qc2 Bb7 14. Bxb7 Rxb7 15. Nh4 Bxh4 16. Rxh4 f5 17. f4 Nf6 18. 0-0-0 Qe7 19. Re1 d5 20. cxd5 Nxd5 21. Nxd5 exd5 22. Qc6 Rbb8 23. Qxd5+ Kh7 24. Qc4 Rbd8 25. Qd3 c5 26. Rhh1 Qf7 27. b3 Qf6 28. g4 Qc6 29. Re2 cxd4+ 30. Rc2 Qe4 31. Qxe4 fxe4 32. Rc4 dxe3 33. Rxe4 Rd2 34. f5 Rc8+ 35. Rc4 Rxc4+ 36. bxc4 Rxa2 37. Kb1 Rxg2 38. Re1 Rxg4 39. Rxe3 Rxc4 40. Re6 Rc5 41. Rxb6 Rb5+ 0-1

[Event "Helsingor Xtracon op"]
[Site "Helsingor"]
[Date "2018.07.22"]
[Round "3"]
[White "Fjallheim, Elmar Reinert"]
[Black "Kristiansen, Elias V"]
[Result "1/2-1/2"]
[WhiteElo "1635"]
[BlackElo "1163"]
[PlyCount "105"]
[EventDate "2018.07.21"]
[EventType "swiss"]
[EventRounds "10"]
[EventCountry "DEN"]
[SourceTitle "CBM 185 Extra"]
[Source "ChessBase"]
[SourceDate "2018.07.29"]
[SourceVersion "1"]
[SourceVersionDate "2018.07.29"]
[SourceQuality "1"]

1. e4 Nf6 2. Nc3 d5 3. exd5 Nxd5 4. Nge2 g6 5. d4 Bg7 6. Nxd5 Qxd5 7. Be3 Bf5 8. Nc3 Qa5 9. a3 0-0 10. b4 Qb6 11. Nd5 Qd6 12. c4 c6 13. Nc3 Rd8 14. Ne2 Qe6 15. Rc1 Bg4 16. Nf4 Qxe3+ 17. fxe3 Bxd1 18. Rxd1 e5 19. Ne2 exd4 20. exd4 Nd7 21. g3 Nf6 22. h3 Re8 23. Kd2 Ne4+ 24. Ke1 Nxg3 25. Rh2 Nxe2 26. Rxe2 Rxe2+ 27. Kxe2 Re8+ 28. Kf3 Bh6 29. Rd3 Re1 30. Be2 Rc1 31. d5 cxd5 32. cxd5 Rc8 33. a4 Bf8 34. d6 Rd8 35. d7 Kg7 36. Rd4 f5 37. a5 Kf6 38. a6 bxa6 39. Bxa6 Ke6 40. Bb5 Ke5 41. Rc4 h5 42. Bc6 g5 43. b5 g4+ 44. hxg4 hxg4+ 45. Kg2 Kd6 46. Ra4 Be7 47. Rxa7 f4 48. Ra4 f3+ 49. Kg3 Rf8 50. Ra1 f2 51. Rf1 Kc7 52. Kxg4 Bc5 53. Kg3 1/2-1/2

[Event "Reykjavik op"]
[Site "Reykjavik"]
[Date "2018.03.08"]
[Round "4"]
[White "Fjallheim, Elmar Reinert"]
[Black "Arnalds, Stefan"]
[Result "1-0"]
[WhiteElo "1644"]
[BlackElo "1999"]
[PlyCount "63"]
[EventDate "2018.03.06"]
[EventType "swiss"]
[EventRounds "9"]
[EventCountry "ISL"]
[SourceTitle "CBM 183 Extra"]
[Source "ChessBase"]
[SourceDate "2018.04.19"]
[SourceVersion "1"]
[SourceVersionDate "2018.04.19"]
[SourceQuality "1"]

1. e4 c5 2. c3 e6 3. Nf3 d5 4. e5 Nc6 5. d4 Qb6 6. a3 Bd7 7. b4 cxd4 8. cxd4 Nge7 9. Bb2 Nf5 10. g4 Nfe7 11. Nbd2 Ng6 12. h4 0-0-0 13. Rc1 Kb8 14. Nb3 Be7 15. Qd2 Rc8 16. Nc5 Bxc5 17. Rxc5 Nce7 18. h5 Nf8 19. Bd3 Be8 20. Ke2 Rxc5 21. bxc5 Qc7 22. Rb1 Nc6 23. Bc3 Bd7 24. a4 Ka8 25. a5 a6 26. Rb6 Bc8 27. Qg5 g6 28. Qf6 Rg8 29. h6 Nd8 30. Qg7 Nd7 31. Qxg8 Nxb6 32. axb6 1-0

[Event "Reykjavik op"]
[Site "Reykjavik"]
[Date "2018.03.07"]
[Round "3"]
[White "Meyer, Juergen"]
[Black "Fjallheim, Elmar Reinert"]
[Result "1-0"]
[WhiteElo "1926"]
[BlackElo "1644"]
[PlyCount "99"]
[EventDate "2018.03.06"]
[EventType "swiss"]
[EventRounds "9"]
[EventCountry "ISL"]
[SourceTitle "CBM 183 Extra"]
[Source "ChessBase"]
[SourceDate "2018.04.19"]
[SourceVersion "1"]
[SourceVersionDate "2018.04.19"]
[SourceQuality "1"]

1. e4 e6 2. d4 d5 3. Nc3 dxe4 4. Nxe4 Bd7 5. Nf3 Bc6 6. Bd3 Nd7 7. Qe2 Ngf6 8. Neg5 h6 9. Nxe6 fxe6 10. Bg6+ Ke7 11. 0-0 Bxf3 12. Qxf3 c6 13. Qa3+ c5 14. dxc5 Ne5 15. c6+ Qd6 16. Qxd6+ Kxd6 17. Bf4 bxc6 18. Rad1+ Nd5 19. c4 Be7 20. c5+ Kxc5 21. Bxe5 Bf6 22. Rfe1 Rhf8 23. b4+ Kb6 24. Bd6 Be7 25. Bxe7 Nxe7 26. Rxe6 Nxg6 27. Rxg6 Rf7 28. Rc1 Rc7 29. h3 Rd8 30. Rg4 Rd2 31. a4 a6 32. Rgc4 Rd5 33. Rc5 Rxc5 34. Rxc5 Rd7 35. a5+ Kb7 36. Rc4 Rd5 37. Kf1 c5 38. Ke2 Kc6 39. bxc5 Rxc5 40. Kd3 Kb5 41. Rxc5+ Kxc5 42. f4 Kb5 43. f5 Kxa5 44. g4 Kb5 45. h4 Kc5 46. g5 Kd6 47. f6 Ke6 48. fxg7 Kf7 49. gxh6 Kg8 50. Kc4 1-0

[Event "Reykjavik op"]
[Site "Reykjavik"]
[Date "2018.03.06"]
[Round "1"]
[White "Sajjadi, Kimiya"]
[Black "Fjallheim, Elmar Reinert"]
[Result "1-0"]
[WhiteElo "1958"]
[BlackElo "1644"]
[PlyCount "93"]
[EventDate "2018.03.06"]
[EventType "swiss"]
[EventRounds "9"]
[EventCountry "ISL"]
[SourceTitle "CBM 183 Extra"]
[Source "ChessBase"]
[SourceDate "2018.04.19"]
[SourceVersion "1"]
[SourceVersionDate "2018.04.19"]
[SourceQuality "1"]

1. d4 e6 2. c4 Bb4+ 3. Bd2 Bxd2+ 4. Nxd2 Nf6 5. e4 d6 6. Ngf3 Nc6 7. d5 Ne5 8. Nxe5 dxe5 9. Qc2 0-0 10. Bd3 b6 11. 0-0 Re8 12. Rac1 Bb7 13. Rfd1 c6 14. dxe6 Rxe6 15. c5 b5 16. Nf3 Qc7 17. Bf1 Re7 18. Rd6 Nd7 19. Rcd1 Rae8 20. g3 a5 21. Bh3 Nf8 22. Qd2 Bc8 23. Bxc8 Rxc8 24. Kg2 f6 25. Nh4 Re6 26. Nf5 Rce8 27. Rd3 Ra8 28. Qc2 g6 29. Nh4 Re7 30. Nf3 Ne6 31. Rd6 Kg7 32. b3 Rc8 33. a3 b4 34. axb4 axb4 35. Qc4 Rd8 36. Qxb4 Red7 37. Rxd7+ Rxd7 38. Rxd7+ Qxd7 39. Qc4 Kf7 40. b4 Qa7 41. Qd3 Qc7 42. Qa6 Ke7 43. Qa8 Kf7 44. Nd2 Nd4 45. Nc4 Nb5 46. Qh8 Ke6 47. Qe8+ 1-0

[Event "Runavik op"]
[Site "Runavik"]
[Date "2017.11.26"]
[Round "9"]
[White "Fjallheim, Elmar Reinert"]
[Black "Haraldsson, Haraldur"]
[Result "0-1"]
[WhiteElo "1627"]
[BlackElo "2004"]
[PlyCount "54"]
[EventDate "2017.11.20"]
[EventType "swiss"]
[EventRounds "9"]
[EventCountry "FAI"]
[SourceTitle "CBM 181 Extra"]
[Source "ChessBase"]
[SourceDate "2017.12.12"]
[SourceVersion "1"]
[SourceVersionDate "2017.12.12"]
[SourceQuality "1"]

1. e4 c5 2. c3 d5 3. exd5 Qxd5 4. Nf3 Nc6 5. d4 Bg4 6. Be2 cxd4 7. cxd4 e6 8. Nc3 Bb4 9. 0-0 Qa5 10. Ne5 Nxe5 11. dxe5 Bxc3 12. bxc3 Rd8 13. Qe1 Bf5 14. a4 f6 15. Bb5+ Kf7 16. Ba3 a6 17. Bb4 Qb6 18. Be2 fxe5 19. c4 Qc6 20. Qc3 e4 21. c5 Nf6 22. Ba3 h5 23. f3 h4 24. h3 Kg6 25. Bb2 Rd7 26. fxe4 Nxe4 27. Bf3 Qxc5+ 0-1

[Event "Reykjavik op"]
[Site "Reykjavik"]
[Date "2017.04.25"]
[Round "8"]
[White "Fjallheim, Elmar Reinert"]
[Black "Thorsteinsson, Hilmar"]
[Result "0-1"]
[WhiteElo "1691"]
[BlackElo "1875"]
[PlyCount "114"]
[EventDate "2017.04.19"]
[EventType "swiss"]
[EventRounds "10"]
[EventCountry "ISL"]
[SourceTitle "CBM 178 Extra"]
[Source "ChessBase"]
[SourceDate "2017.06.22"]
[SourceVersion "1"]
[SourceVersionDate "2017.06.22"]
[SourceQuality "1"]

1. e4 d6 2. d4 g6 3. Nc3 Bg7 4. Be3 a6 5. Qd2 b5 6. Bd3 Nd7 7. f4 Bb7 8. Nf3 Rc8 9. Ne2 c5 10. c3 Ngf6 11. Ng3 0-0 12. 0-0 Ng4 13. f5 Nxe3 14. Qxe3 Qb6 15. Rae1 e6 16. Kh1 Rce8 17. fxg6 hxg6 18. h4 e5 19. d5 c4 20. Qxb6 Nxb6 21. Bb1 Na4 22. Rf2 Bh6 23. Ng5 Bg7 24. Nf1 Bc8 25. Ne3 f6 26. Ne6 Bxe6 27. dxe6 Rxe6 28. Nd5 Rf7 29. Ref1 Kh7 30. g3 Nc5 31. Rf3 Nd7 32. Nc7 Ree7 33. Nd5 Re8 34. Nc7 Ref8 35. Nxa6 Nb6 36. Nb4 Bh6 37. g4 Bf4 38. Rd1 Rd7 39. Nd5 Na4 40. Nxf4 exf4 41. b3 cxb3 42. axb3 Nc5 43. b4 Na4 44. Rdd3 Nb2 45. Rd5 Ra8 46. Bc2 Ra1+ 47. Kg2 Nc4 48. Bd3 Ne3+ 49. Kf2 Ra2+ 50. Ke1 Nxd5 51. exd5 Re7+ 52. Kd1 Re3 53. Rxe3 fxe3 54. Bxb5 f5 55. gxf5 gxf5 56. Be2 Kg6 57. b5 Rd2+ 0-1

[Event "Reykjavik op"]
[Site "Reykjavik"]
[Date "2017.04.23"]
[Round "6"]
[White "Fjallheim, Elmar Reinert"]
[Black "Moller, Mikael"]
[Result "0-1"]
[WhiteElo "1691"]
[BlackElo "1965"]
[PlyCount "84"]
[EventDate "2017.04.19"]
[EventType "swiss"]
[EventRounds "10"]
[EventCountry "ISL"]
[SourceTitle "CBM 178 Extra"]
[Source "ChessBase"]
[SourceDate "2017.06.22"]
[SourceVersion "1"]
[SourceVersionDate "2017.06.22"]
[SourceQuality "1"]

1. e4 c5 2. c3 Nf6 3. e5 Nd5 4. d4 cxd4 5. Nf3 Nc6 6. cxd4 e6 7. Bc4 Nb6 8. Bb3 d5 9. 0-0 Be7 10. Nc3 a6 11. a3 Bd7 12. Bd2 Na5 13. Bc2 Nbc4 14. Bc1 Rc8 15. Ne2 Qc7 16. Bd3 Qb6 17. b4 Nc6 18. Qb3 Na7 19. Nd2 Nxd2 20. Bxd2 Bb5 21. Rfc1 0-0 22. Rxc8 Rxc8 23. Rc1 Rxc1+ 24. Bxc1 Bxd3 25. Qxd3 a5 26. bxa5 Qxa5 27. Qc3 Qb5 28. Qb2 Qd3 29. g3 Nb5 30. Qd2 Qxd2 31. Bxd2 Bxa3 32. Kf1 Bb2 33. Be3 f6 34. f4 Kf7 35. g4 Na3 36. h3 Nc2 37. Bf2 b5 38. g5 b4 39. Be1 b3 40. Bc3 Bxc3 41. Nxc3 Nxd4 42. Ke1 fxg5 0-1

[Event "Reykjavik op"]
[Site "Reykjavik"]
[Date "2017.04.20"]
[Round "2"]
[White "Fjallheim, Elmar Reinert"]
[Black "Prieto, Alberto"]
[Result "0-1"]
[WhiteElo "1691"]
[BlackElo "1999"]
[PlyCount "62"]
[EventDate "2017.04.19"]
[EventType "swiss"]
[EventRounds "10"]
[EventCountry "ISL"]
[SourceTitle "CBM 178 Extra"]
[Source "ChessBase"]
[SourceDate "2017.06.22"]
[SourceVersion "1"]
[SourceVersionDate "2017.06.22"]
[SourceQuality "1"]

1. e4 e5 2. Nf3 d6 3. h3 f5 4. d3 Nf6 5. Nc3 c6 6. Bg5 Be7 7. exf5 Bxf5 8. g4 Be6 9. Qd2 0-0 10. Be2 Nbd7 11. 0-0-0 d5 12. a3 b5 13. Na2 d4 14. Kb1 a5 15. Rde1 Bd5 16. Rhg1 b4 17. a4 b3 18. cxb3 Bxb3 19. Qc1 Bd5 20. Bd1 Rb8 21. Nxe5 Nxe5 22. Rxe5 Qd6 23. Rxd5 Qxd5 24. Qc4 Qxc4 25. dxc4 Ba3 26. b3 Ne4 27. Bc1 Bxc1 28. Nxc1 Nc3+ 29. Kc2 Rxf2+ 30. Kd3 c5 31. h4 Re8 0-1

[Event "FAI-chT3 1617"]
[Site "Faroe Islands"]
[Date "2017.03.05"]
[Round "8.1"]
[White "Nielsen, Sonni"]
[Black "Fjallheim, Elmar Reinert"]
[Result "0-1"]
[WhiteElo "1803"]
[BlackElo "1688"]
[PlyCount "80"]
[EventDate "2016.10.23"]
[EventType "team-tourn"]
[EventRounds "9"]
[EventCountry "FAI"]
[SourceTitle "EXT 2020"]
[Source "ChessBase"]
[SourceDate "2019.10.17"]
[SourceVersion "1"]
[SourceVersionDate "2019.10.17"]
[SourceQuality "1"]
[WhiteTeam "Sandavagur III"]
[BlackTeam "Havnin V"]
[WhiteTeamCountry "FAI"]
[BlackTeamCountry "FAI"]

1. e4 e6 2. d4 d5 3. e5 c5 4. c3 Nc6 5. Nf3 Qb6 6. Be2 cxd4 7. cxd4 Nge7 8. Nc3 Nf5 9. Bb5 Bd7 10. Bxc6 Bxc6 11. 0-0 Be7 12. a4 a5 13. Ne2 0-0 14. Ng3 Nh4 15. Nxh4 Bxh4 16. Nh5 f5 17. Nf4 Bd7 18. Qh5 Be7 19. Rd1 Be8 20. Qe2 Rc8 21. Be3 g5 22. Nh3 f4 23. Bc1 Rc4 24. Nxg5 h6 25. b3 Rxc1 26. Raxc1 Bxg5 27. Rc3 Bg6 28. Qg4 Bf5 29. Qh5 Kg7 30. h4 Be7 31. g3 Bg6 32. Qf3 Be4 33. Qg4+ Kh7 34. Qh3 Bb4 35. Rcc1 Ba3 36. Ra1 Bb2 37. Rab1 Bxb1 38. Rxb1 Bxd4 39. g4 Bxf2+ 40. Kf1 Qe3 0-1

[Event "FAI-chT3 1617"]
[Site "Faroe Islands"]
[Date "2017.02.12"]
[Round "7.1"]
[White "Fjallheim, Elmar Reinert"]
[Black "Jacobsen, Hanna"]
[Result "1-0"]
[WhiteElo "1688"]
[BlackElo "1120"]
[PlyCount "73"]
[EventDate "2016.10.23"]
[EventType "team-tourn"]
[EventRounds "9"]
[EventCountry "FAI"]
[SourceTitle "EXT 2020"]
[Source "ChessBase"]
[SourceDate "2019.10.17"]
[SourceVersion "1"]
[SourceVersionDate "2019.10.17"]
[SourceQuality "1"]
[WhiteTeam "Havnin V"]
[BlackTeam "Kollafjordur III"]
[WhiteTeamCountry "FAI"]
[BlackTeamCountry "FAI"]

1. e4 e5 2. Nf3 Nc6 3. d4 exd4 4. Nxd4 Nf6 5. Nxc6 bxc6 6. e5 Qe7 7. Qe2 Nd5 8. c4 Ba6 9. b3 g6 10. Bb2 Bg7 11. Nd2 Nf4 12. Qe4 Bh6 13. e6 Nxe6 14. Bxh8 Bxd2+ 15. Kxd2 Qd6+ 16. Kc2 0-0-0 17. Be5 Nc5 18. Bxd6 Nxe4 19. Bg3 c5 20. Bd3 d5 21. cxd5 Bxd3+ 22. Kxd3 f5 23. Kc4 Rd7 24. Rad1 g5 25. f3 Nf6 26. Be5 Ne8 27. Kxc5 Re7 28. Rhe1 Kb7 29. d6 cxd6+ 30. Bxd6 Rxe1 31. Rxe1 Nf6 32. Re7+ Kc8 33. Rxa7 Nd7+ 34. Kc6 Kd8 35. Rxd7+ Kc8 36. Rxh7 f4 37. Rh8# 1-0

[Event "FAI-chT3 1617"]
[Site "Faroe Islands"]
[Date "2017.01.28"]
[Round "6.1"]
[White "Joensen, Alvin"]
[Black "Fjallheim, Elmar Reinert"]
[Result "1/2-1/2"]
[WhiteElo "1656"]
[BlackElo "1688"]
[PlyCount "47"]
[EventDate "2016.10.23"]
[EventType "team-tourn"]
[EventRounds "9"]
[EventCountry "FAI"]
[SourceTitle "EXT 2020"]
[Source "ChessBase"]
[SourceDate "2019.10.17"]
[SourceVersion "1"]
[SourceVersionDate "2019.10.17"]
[SourceQuality "1"]
[WhiteTeam "Kollafjordur II"]
[BlackTeam "Havnin V"]
[WhiteTeamCountry "FAI"]
[BlackTeamCountry "FAI"]

1. Nf3 d5 2. g3 Nf6 3. Bg2 e6 4. b3 Be7 5. Bb2 b6 6. c4 Bb7 7. Nc3 c6 8. cxd5 cxd5 9. Rc1 Nc6 10. 0-0 0-0 11. Nb5 Qd7 12. Nbd4 Rac8 13. Nxc6 Rxc6 14. Ne5 Rxc1 15. Qxc1 Qd6 16. d3 Rc8 17. Qd2 Nd7 18. Nxd7 Qxd7 19. Rc1 h6 20. Rc3 Kh7 21. Rxc8 Qxc8 22. Qc3 Qxc3 23. Bxc3 f6 24. e4 1/2-1/2

[Event "Politiken Cup 37th"]
[Site "Helsingor"]
[Date "2015.07.28"]
[Round "5"]
[White "Jorgensen, Alexander Torp"]
[Black "Fjallheim, Elmar Reinert"]
[Result "0-1"]
[WhiteElo "1842"]
[BlackElo "1601"]
[PlyCount "94"]
[EventDate "2015.07.25"]
[EventType "swiss"]
[EventRounds "10"]
[EventCountry "DEN"]
[SourceTitle "CBM 167 Extra"]
[Source "ChessBase"]
[SourceDate "2015.09.14"]
[SourceVersion "1"]
[SourceVersionDate "2015.09.14"]
[SourceQuality "1"]

1. e4 e6 2. d4 d5 3. Nc3 dxe4 4. Nxe4 Bd7 5. Nf3 Bc6 6. Bd3 Nd7 7. c3 Ngf6 8. Nxf6+ Nxf6 9. Bf4 Bd6 10. Bg5 Be7 11. 0-0 Bxf3 12. Qxf3 Qd5 13. Qxd5 Nxd5 14. Bd2 c6 15. f4 g6 16. g4 f5 17. h3 Bd6 18. Rae1 Kf7 19. Kg2 Rad8 20. Bc4 Rhe8 21. a4 a6 22. a5 c5 23. Bxd5 exd5 24. dxc5 Bxc5 25. Kf3 Re4 26. b4 Ba7 27. Rxe4 dxe4+ 28. Ke2 Rd3 29. gxf5 gxf5 30. Rh1 Rf3 31. Rh2 Bb8 32. Rf2 Rxh3 33. Be3 Bd6 34. Rf1 h5 35. Rb1 h4 36. b5 Rh2+ 37. Kf1 Rh1+ 38. Bg1 Bc5 39. Ke2 Rxg1 40. Rb3 Rg4 41. bxa6 bxa6 42. Rb8 Kg6 43. Rc8 Ba7 44. Rc6+ Kh7 45. Rxa6 h3 46. Rd6 h2 47. Rd1 Rg2+ 0-1

[Event "Reykjavik op"]
[Site "Reykjavik"]
[Date "2015.03.14"]
[Round "6"]
[White "Chadwick, Susan E"]
[Black "Fjallheim, Elmar Reinert"]
[Result "1-0"]
[WhiteElo "1370"]
[BlackElo "1678"]
[PlyCount "49"]
[EventDate "2015.03.10"]
[EventType "swiss"]
[EventRounds "10"]
[EventCountry "ISL"]
[SourceTitle "CBM 165 Extra"]
[Source "ChessBase"]
[SourceDate "2015.04.21"]
[SourceVersion "1"]
[SourceVersionDate "2015.04.21"]
[SourceQuality "1"]

1. d4 e6 2. Nf3 d5 3. e3 c5 4. b3 Nc6 5. Be2 Bd6 6. Nbd2 Nge7 7. Bb2 0-0 8. 0-0 cxd4 9. exd4 Nf5 10. c4 b6 11. Rc1 Be7 12. cxd5 Qxd5 13. Bc4 Qd7 14. Bb5 Bb7 15. Ne5 Qd6 16. Bxc6 Bxc6 17. Nxc6 Bf6 18. Ne4 Qd7 19. Nxf6+ gxf6 20. Qg4+ Kh8 21. Rfd1 Rg8 22. Qf3 Rg6 23. Ne5 Qe8 24. Nxg6+ hxg6 25. d5 1-0

[Event "Oyri Rokur op"]
[Site "Oyri"]
[Date "2015.01.16"]
[Round "1"]
[White "Fjallheim, Elmar Reinert"]
[Black "Tummasarson, Flovin M"]
[Result "1-0"]
[WhiteElo "1681"]
[BlackElo "1000"]
[PlyCount "61"]
[EventDate "2015.01.16"]
[EventType "swiss"]
[EventRounds "5"]
[EventCountry "FAI"]
[SourceTitle "CBM 164 Extra"]
[Source "ChessBase"]
[SourceDate "2015.03.02"]
[SourceVersion "1"]
[SourceVersionDate "2015.03.02"]
[SourceQuality "1"]

1. e4 e5 2. Nf3 Nc6 3. d4 exd4 4. Nxd4 Nxd4 5. Qxd4 Nf6 6. Bc4 b6 7. e5 Bc5 8. Qd1 Ne4 9. Qd5 Ng5 10. Qxa8 a5 11. Bxg5 Be7 12. Bxe7 Kxe7 13. Qd5 Rf8 14. Nc3 Ke8 15. f4 c6 16. Qd2 b5 17. Bd3 b4 18. Ne4 d5 19. exd6 Bf5 20. 0-0-0 Bxe4 21. Bxe4 c5 22. Bc6+ Qd7 23. Qe3+ Kd8 24. Bxd7 Kxd7 25. Qe7+ Kc6 26. Qxf8 c4 27. Qc8+ Kb6 28. d7 b3 29. d8Q+ Kb5 30. Qb7+ Ka4 31. Qdd7# 1-0

[Event "Klaksvik ST op"]
[Site "Klaksvik"]
[Date "2014.11.30"]
[Round "5"]
[White "Fjallheim, Elmar Reinert"]
[Black "Fjallheim, Leif Reinert"]
[Result "1/2-1/2"]
[WhiteElo "1683"]
[BlackElo "1178"]
[PlyCount "61"]
[EventDate "2014.11.28"]
[EventType "swiss"]
[EventRounds "5"]
[EventCountry "FAI"]
[SourceTitle "CBM 163 Extra"]
[Source "ChessBase"]
[SourceDate "2014.12.23"]
[SourceVersion "1"]
[SourceVersionDate "2014.12.23"]
[SourceQuality "1"]

1. e4 e5 2. Nf3 Nc6 3. d4 exd4 4. Nxd4 Nxd4 5. Qxd4 d6 6. Bc4 Be6 7. Nc3 Nf6 8. Bg5 Be7 9. 0-0-0 0-0 10. Kb1 c5 11. Qd3 Ng4 12. Bxe7 Qxe7 13. Qe2 Nxf2 14. Qxf2 Bxc4 15. Qf5 Rfd8 16. b3 Ba6 17. Nd5 Qe5 18. Qxe5 dxe5 19. Nc7 Rab8 20. Nxa6 bxa6 21. Rd5 Rxd5 22. exd5 Kf8 23. c4 Ke7 24. Kc2 a5 25. a4 Kd6 26. Rf1 f6 27. g4 Rf8 28. Kd3 g6 29. Ke4 a6 30. Rf3 Rf7 31. h3 1/2-1/2